| 000 | 01023ccm a22002655a 4500 | ||
|---|---|---|---|
| 001 | 015506406 | ||
| 005 | 20160112153415.0 | ||
| 008 | 110708t2011 mdua frb 001 0 eng d | ||
| 040 |
_aStDuBDS _beng _cStDuBDS _dUk _dWlAbNL _dEG-ScBUE |
||
| 082 | 0 | 4 |
_a615.19 _222 _bWIL |
| 245 | 0 | 0 |
_aWilson and Gisvold's textbook of organic medicinal and pharmaceutical chemistry / _cedited by John M. Beale, Jr., John H. Block. |
| 246 | 3 | 0 | _aOrganic medicinal and pharmaceutical chemistry |
| 250 | _a12th ed., International ed. | ||
| 260 |
_aBaltimore ; _aPhiladelphia : _bWolters Kluwer/Lippincott Williams & Wilkins, _cc.2011. |
||
| 300 |
_ax, 1010 p. : _bill. ; _c29 cm. |
||
| 500 | _aIndex : p. 984-1010. | ||
| 504 | _aIncludes bibliographical references. | ||
| 650 | 7 |
_aPharmaceutical chemistry. _2BUEsh _930027 |
|
| 650 | 7 |
_aChemistry, Organic. _2BUEsh _96234 |
|
| 651 | _2BUEsh | ||
| 653 |
_bPPhrm _cJuly2015 _cJanuary2016 |
||
| 700 | 1 |
_aBeale, John Marlowe, _eeditor. |
|
| 700 | 1 |
_aBlock, John H., _eeditor. |
|
| 942 |
_2ddc _cARCH |
||
| 999 |
_c20114 _d20086 |
||